| 000 | 00447nam a22001697a 4500 | ||
|---|---|---|---|
| 003 | CEME | ||
| 005 | 20210628202735.0 | ||
| 008 | 210204b xxu||||| |||| 00| 0 eng d | ||
| 040 | _c. | ||
| 082 | _a891.4395 WAS | ||
| 100 |
_aWasif Ali Wasif Dr Makhdoom Muhammadhussain _961355 |
||
| 245 | _aWasif basifa | ||
| 260 |
_aLAHORE _bKASHIF PUBLISHER _c1998 |
||
| 300 | _a258P | ||
| 650 |
_aURDU ADAB-ESSAYS-WASIF ALI WASIF _961356 |
||
| 942 |
_cBK _2ddc |
||
| 999 |
_c570839 _d570839 |
||